Being there / (Record no. 1141)

000 -LEADER
fixed length control field 01182nam a22003137a 4500
001 - CONTROL NUMBER
control field 1211975
003 - CONTROL NUMBER IDENTIFIER
control field OSt
005 - DATE AND TIME OF LATEST TRANSACTION
control field 20210426122052.0
008 - FIXED-LENGTH DATA ELEMENTS--GENERAL INFORMATION
fixed length control field 990107r19991970nyu 000 1 eng
010 ## - LIBRARY OF CONGRESS CONTROL NUMBER
LC control number 99010245
020 ## - INTERNATIONAL STANDARD BOOK NUMBER
International Standard Book Number 0802136346
020 ## - INTERNATIONAL STANDARD BOOK NUMBER
International Standard Book Number 9780802136343
040 ## - CATALOGING SOURCE
Original cataloging agency DLC
Transcribing agency DLC
Modifying agency DLC
Language of cataloging eng
041 ## - LANGUAGE CODE
Language code of text/sound track or separate title eng
050 00 - LIBRARY OF CONGRESS CALL NUMBER
Classification number PS3561.O8
Item number B45 1999
080 ## - UNIVERSAL DECIMAL CLASSIFICATION NUMBER
Universal Decimal Classification number 821.111
Item number K-76
082 00 - DEWEY DECIMAL CLASSIFICATION NUMBER
Classification number 813/.54
Edition number 21
100 1# - MAIN ENTRY--PERSONAL NAME
Personal name Kosinski, Jerzy,
Dates associated with a name 1933-1991.
245 10 - TITLE STATEMENT
Title Being there /
Statement of responsibility, etc. Jerzy Kosinski.
Remainder of title / by: Grove Press
250 ## - EDITION STATEMENT
Edition statement 1st Grove Press edition
260 ## - PUBLICATION, DISTRIBUTION, ETC.
Place of publication, distribution, etc. New York
Name of publisher, distributor, etc. Grove Press
Place of publication, distribution, etc. [Berkeley, Calif.] :
Name of publisher, distributor, etc. Distributed by Publishers Group West,
Date of publication, distribution, etc. [1999]
300 ## - PHYSICAL DESCRIPTION
Extent 142 p.
Dimensions 21 cm.
650 #0 - SUBJECT ADDED ENTRY--TOPICAL TERM
9 (RLIN) 247
Topical term or geographic name entry element English literature
653 ## - INDEX TERM--UNCONTROLLED
Uncontrolled term ინგლისური ლიტერატურა
856 42 - ELECTRONIC LOCATION AND ACCESS
Materials specified Publisher description
Uniform Resource Identifier <a href="http://www.loc.gov/catdir/enhancements/fy1318/99010245-d.html">http://www.loc.gov/catdir/enhancements/fy1318/99010245-d.html</a>
906 ## - LOCAL DATA ELEMENT F, LDF (RLIN)
a 7
b cbc
c orignew
d 1
e ocip
f 19
g y-gencatlg
942 ## - ADDED ENTRY ELEMENTS (KOHA)
Source of classification or shelving scheme
Koha item type Books
Edition 1
Holdings
Withdrawn status Lost status Source of classification or shelving scheme Damaged status Not for loan Permanent location Current location Date acquired Inventory number Total Checkouts Full call number Barcode Date last seen Price effective from Koha item type
          Ken Walker International University Ken Walker International University 02/03/2021 476   821.111 K-76 476 02/03/2021 02/03/2021 Books

Powered by Koha